000 00559nam a2200217Ia 4500
003 OSt
005 20220923230550.0
006 a|||||r|||| 00| 0
007 ta
008 Pun
024 _a283,270
037 _cTextual
040 _aARTS
_cARTS
_bPun
041 _2Pun
_aPun
082 _aO153,6:gL, L2
245 0 _aਪੰਜਾਬੀ ਵਾਰਤਕ ਦਾ ਆਲੋਚਨਾਤਮਕ ਅਧਿਅਨ
260 _c1972
650 _aਪੰਜਾਬੀ ਸਾਹਿਤ
942 _hO153,6:gL, L2
_cTEXL
_2CC
999 _c385758
_d385758